000 00321nam a22001337a 4500
008 170615b xxu||||| |||| 00| 0 eng d
020 _a9780393330946
041 _aeng
080 _a94
100 _a19
101 _aSHP
245 _aDEATH OF REVOLUTION CHE GUEVARAS LAST MISSION
_cHARRIS.R.L
942 _2udc
_cBK
999 _c17609
_d17609